000 02309nam a2200289 a 4500
001 000037810
003 OSt
005 20260321073642.0
008 130306s1991 dr a 000 0 spa d
040 _aDO-SdBNP
_bspa
_cBNPHU
082 _a305.57293
_bB742c, 1991
100 1 _a Bosch, Juan,
_d1909-2001
_976555
245 1 0 _aComposición social dominicana :
_bhistoria e interpretación /
_cJuan Bosch.
250 _a17a ed.
260 _aSanto Domingo :
_bAlfa y Omega ,
_c1991.
300 _a418 p. :
_bil. ; mapas; retrs. ;
_c24 cm.
500 _aIncluye referencias bibliográficas y notas al pie de las páginas
505 0 _aUn preámbulo necesario --
_aOrigen de las clases sociales en Santo Domingo --
_aAparición y declinación de una oligarquía del azúcar --
_aDe los ingenios a los hatos --
_aEl desarrollo de la sociedad hatera --
_aLa curiosa sociedad de los bucaneros --
_aLa colonia francesa de Saint-Domingue --
_aEl siglo de la miseria --
_aDe la inamovilidad del siglo XVII al dinamismo del siglo XVIII --
_aMedio siglo de relativo desarrollo --
_aSanto Domingo en el panorama del Caribe --
_aLa revolución haitiana --
_aEl caso de las emigraciones --
_aEl gobierno de los hateros y la sociedad de los cosecheros de tabaco --
_aLas causas de la invasión haitiana en 1822 --
_aLa pequeña burguesía en la historia dominicana --
_aLa pequeña burguesía contra el poder de los hateros --
_a1857-1861. Luchas en el seno de la pequeña burguesía --
_aLa restauración, obra de la pequeña burguesía --
_aEl largo reinado de la pequeña burguesía en la vida política nacional --
505 0 _aLa composición social y los partidos políticos de la época --
_aEl gobierno de los azules o el camino hacia la sociedad burguesa --
_aDe la muerte de Heureaux a la muerte de Cáceres --
_aEl imperialismo en acción --
_aLa composición social hasta 1930 --
_aTrujillo, o el paso de la pequeña burguesía a la burguesía --
_aLa composición social a la muerte de Trujillo.
590 _aInventariado, 2018/BT
650 4 _aClases sociales
_zRepública Dominicana
_xHistoria
_9413
650 4 _aSociología
_xHistoria
_9414
651 4 _aRepública Dominicana
_xCondiciones sociales
_946
651 4 _aRepública Dominicana
_xHistoria
_9170
910 _aValidado. Control de calidad. MFF
942 _2ddc
_cLBS1
999 _c37300
_d37300